<?xml version="1.0" encoding="UTF-8"?>
<record
    xmlns:xsi="http://www.w3.org/2001/XMLSchema-instance"
    xsi:schemaLocation="http://www.loc.gov/MARC21/slim http://www.loc.gov/standards/marcxml/schema/MARC21slim.xsd"
    xmlns="http://www.loc.gov/MARC21/slim">

  <leader>01724nam a22002057a 4500</leader>
  <controlfield tag="005">20260116162443.0</controlfield>
  <controlfield tag="008">260116b        |||||||| |||| 00| 0 eng d</controlfield>
  <datafield tag="020" ind1=" " ind2=" ">
    <subfield code="a">9789373070100</subfield>
  </datafield>
  <datafield tag="040" ind1=" " ind2=" ">
    <subfield code="c">AL</subfield>
  </datafield>
  <datafield tag="041" ind1=" " ind2=" ">
    <subfield code="a">English</subfield>
  </datafield>
  <datafield tag="082" ind1=" " ind2=" ">
    <subfield code="a">791.43092</subfield>
    <subfield code="b">BASS</subfield>
  </datafield>
  <datafield tag="100" ind1=" " ind2=" ">
    <subfield code="a">Mohar Basu</subfield>
    <subfield code="9">251531</subfield>
  </datafield>
  <datafield tag="245" ind1=" " ind2=" ">
    <subfield code="a">Salman Khan</subfield>
    <subfield code="b">: The sultan of bollywood</subfield>
  </datafield>
  <datafield tag="260" ind1=" " ind2=" ">
    <subfield code="a">Haryana</subfield>
    <subfield code="b">Harper collins pubishers</subfield>
    <subfield code="c">2026</subfield>
  </datafield>
  <datafield tag="300" ind1=" " ind2=" ">
    <subfield code="a">307 p.</subfield>
    <subfield code="b">PB</subfield>
    <subfield code="c">23x15 cm.</subfield>
  </datafield>
  <datafield tag="365" ind1=" " ind2=" ">
    <subfield code="a">KSCR-000703</subfield>
    <subfield code="b">&#x20B9;479.00</subfield>
    <subfield code="c">&#x20B9;</subfield>
    <subfield code="d">&#x20B9;599.00</subfield>
    <subfield code="e">20%</subfield>
    <subfield code="f">13-01-2026</subfield>
  </datafield>
  <datafield tag="520" ind1=" " ind2=" ">
    <subfield code="a">HE BREAKS RULES, HEARTS AND RECORDS

SALMAN KHAN: THE MAN, THE MYTH, THE MEGASTAR
As Prem, the nation's first love; as Radhe, the rebel with a cause; as Tiger, the action king who redefined machismo for a new India, Salman Khan is the only Bollywood superstar who has ruled romance, comedy and action in Hindi films with equal ease and style. While critics share the perfect love-hate relationship with him, for his fans--who flock to theatres with every new release, their loyalty unquestionable, their excitement unbridled--nothing can match the anticipation of a new film starring Salman Khan.
With his signature swagger, magnetic charm and larger-than-life persona, everyone is fascinated with the actor. Packed with fan interviews, never-before-seen photos and insights from long-time collaborators of the star, Salman Khan: The Sultan of Bollywood is an ode to the actor who has made an impact on pop culture like no other.
Through controversies and comebacks, blockbusters and hard-learnt lessons of life, Salman has remained cinema's wild heart and its last true mystery--perhaps the only superstar of his kind that India will ever see.</subfield>
  </datafield>
  <datafield tag="650" ind1=" " ind2=" ">
    <subfield code="a">biography</subfield>
    <subfield code="9">251514</subfield>
  </datafield>
  <datafield tag="942" ind1=" " ind2=" ">
    <subfield code="2">ddc</subfield>
    <subfield code="c">BK</subfield>
  </datafield>
  <datafield tag="999" ind1=" " ind2=" ">
    <subfield code="c">240757</subfield>
    <subfield code="d">240757</subfield>
  </datafield>
  <datafield tag="952" ind1=" " ind2=" ">
    <subfield code="0">0</subfield>
    <subfield code="1">0</subfield>
    <subfield code="2">ddc</subfield>
    <subfield code="4">0</subfield>
    <subfield code="7">0</subfield>
    <subfield code="8">SOC</subfield>
    <subfield code="a">AL</subfield>
    <subfield code="b">AL</subfield>
    <subfield code="c">SK</subfield>
    <subfield code="d">2026-01-14</subfield>
    <subfield code="e">Navakarnataka Publications Pvt Ltd Mangaluru-575001</subfield>
    <subfield code="g">479.00</subfield>
    <subfield code="l">0</subfield>
    <subfield code="o">791.43092 BASS</subfield>
    <subfield code="p">078037</subfield>
    <subfield code="r">2026-01-16 15:30:05</subfield>
    <subfield code="v">599.00</subfield>
    <subfield code="w">2026-01-13</subfield>
    <subfield code="y">BK</subfield>
  </datafield>
</record>
